Preparing taxation computations FA 2006 : (Record no. 675)
[ view plain ]
| 000 -LEADER | |
|---|---|
| fixed length control field | 00650nam a22002052 4500 |
| 001 - CONTROL NUMBER | |
| control field | 0000006967 |
| 005 - DATE AND TIME OF LATEST TRANSACTION | |
| control field | 20151021151110.0 |
| 008 - FIXED-LENGTH DATA ELEMENTS--GENERAL INFORMATION | |
| fixed length control field | 071031s xx 000 0 eng d |
| 020 ## - INTERNATIONAL STANDARD BOOK NUMBER | |
| International Standard Book Number | 0751727458 : |
| Terms of availability | KES 1250 |
| 040 ## - CATALOGING SOURCE | |
| Original cataloging agency | KABU |
| Transcribing agency | KABU |
| 110 2# - MAIN ENTRY--CORPORATE NAME | |
| Corporate name or jurisdiction name as entry element | BPP Professional Education. |
| -- | 0000151469 |
| 245 10 - TITLE STATEMENT | |
| Title | Preparing taxation computations FA 2006 : |
| Remainder of title | CAT Advanced paper 9 / |
| Statement of responsibility, etc. | BPP Professional Education. |
| 250 ## - EDITION STATEMENT | |
| Edition statement | 4th ed. |
| 260 ## - PUBLICATION, DISTRIBUTION, ETC. (IMPRINT) | |
| Place of publication, distribution, etc. | London : |
| Name of publisher, distributor, etc. | BPP, |
| Date of publication, distribution, etc. | 2006. |
| 300 ## - PHYSICAL DESCRIPTION | |
| Extent | xx, 308 p. |
| 650 #0 - SUBJECT ADDED ENTRY--TOPICAL TERM | |
| Topical term or geographic name as entry element | Taxation |
| Location of event | Great Britain. |
| -- | 0000157935 |
| 908 ## - PUT COMMAND PARAMETER (RLIN) | |
| Put command parameter | 071031 |
| 950 ## - LOCAL HOLDINGS (RLIN) | |
| -- | 1 |
| Withdrawn status | Lost status | Source of classification or shelving scheme | Not for loan | Home library | Current library | Date acquired | Total Checkouts | Full call number | Barcode | Date last seen | Date last checked out | Price effective from | Koha item type |
|---|---|---|---|---|---|---|---|---|---|---|---|---|---|
| Library of Congress Classification | Kabarak, Main Campus | Kabarak, Main Campus | 17/12/2015 | HJ2601 .B67 2006 | 010587 | 17/12/2015 | 17/12/2015 | General Collection | |||||
| Library of Congress Classification | Kabarak, Nakuru City Campus | Kabarak, Nakuru City Campus | 21/10/2015 | 1 | HJ2601 .B67 2006 | 012876 | 17/05/2016 | 18/04/2016 | 21/10/2015 | General Collection |